Name a Letter per Number of Countries - Statistics

General Stats
  • This quiz has been taken 27 times
  • The average score is 5 of 12
Answer Stats
# Letter % Correct
0 W | X
95%
1 O | Q | Y
89%
2 Z
53%
4 F | R | V
42%
3 H | J
42%
9 E | I | L | N | P
37%
11 A | G | T
32%
5 D | K
32%
26 S
32%
17 B | M
21%
15 C
21%
7 U
16%
No matching quizzes found
Score Distribution
Percent of People with Each Score
Percentile by Number Answered
Your Score History
You have not taken this quiz